<?xml version="1.0" encoding="UTF-8"?>
<record
    xmlns:xsi="http://www.w3.org/2001/XMLSchema-instance"
    xsi:schemaLocation="http://www.loc.gov/MARC21/slim http://www.loc.gov/standards/marcxml/schema/MARC21slim.xsd"
    xmlns="http://www.loc.gov/MARC21/slim">

  <leader>00555nam a22001697a 4500</leader>
  <controlfield tag="003">PILC</controlfield>
  <controlfield tag="005">20150112093432.0</controlfield>
  <controlfield tag="008">130226t        xxu||||| |||| 00| 0 eng d</controlfield>
  <datafield tag="020" ind1=" " ind2=" ">
    <subfield code="a">0304331848</subfield>
  </datafield>
  <datafield tag="050" ind1=" " ind2=" ">
    <subfield code="a">TX 911.3 M27 </subfield>
    <subfield code="b">.J67 1997</subfield>
  </datafield>
  <datafield tag="082" ind1=" " ind2=" ">
    <subfield code="a">HSF 647.95068 </subfield>
    <subfield code="b">J726 1997</subfield>
  </datafield>
  <datafield tag="100" ind1=" " ind2=" ">
    <subfield code="a">Jones, Ursula</subfield>
    <subfield code="9">13019</subfield>
  </datafield>
  <datafield tag="245" ind1=" " ind2=" ">
    <subfield code="a">Hospitality and catering </subfield>
    <subfield code="b">a closer look /</subfield>
    <subfield code="c">Ursula Jones and Shirley Newton, with Pauline Dixon ; foreword by Prue Leith</subfield>
  </datafield>
  <datafield tag="260" ind1=" " ind2=" ">
    <subfield code="a">London </subfield>
    <subfield code="b">Cassell</subfield>
    <subfield code="c">1997.</subfield>
  </datafield>
  <datafield tag="300" ind1=" " ind2=" ">
    <subfield code="a">362 pages : </subfield>
    <subfield code="b">illustration ;</subfield>
    <subfield code="c">25 cm.</subfield>
  </datafield>
  <datafield tag="942" ind1=" " ind2=" ">
    <subfield code="2">lcc</subfield>
    <subfield code="c">BK</subfield>
  </datafield>
  <datafield tag="999" ind1=" " ind2=" ">
    <subfield code="c">14440</subfield>
    <subfield code="d">14440</subfield>
  </datafield>
  <datafield tag="952" ind1=" " ind2=" ">
    <subfield code="0">0</subfield>
    <subfield code="1">0</subfield>
    <subfield code="2">lcc</subfield>
    <subfield code="4">0</subfield>
    <subfield code="a">SFU</subfield>
    <subfield code="b">SFU</subfield>
    <subfield code="c">SFU</subfield>
    <subfield code="d">2013-08-24</subfield>
    <subfield code="l">1</subfield>
    <subfield code="m">59</subfield>
    <subfield code="o">TX 911.3.M27  .J67 1997</subfield>
    <subfield code="p">SFU0599</subfield>
    <subfield code="r">2018-09-25 00:00:00</subfield>
    <subfield code="s">2017-09-14</subfield>
    <subfield code="t">1</subfield>
    <subfield code="w">2013-08-24</subfield>
    <subfield code="y">BK</subfield>
  </datafield>
</record>
